000 00613nam a2200205 a 4500
003 PILC
005 20150818153431.0
008 100719s19uu xx 00 eng d
020 _a0826460771
020 _a0826454402
050 _aTX 911
_b.In61 1995
082 _aHSF 647.9406
_bIn8 2002
100 _aJones, Peter, editor
_911037
245 _aIntroduction to hospitality operations /
_cedited by Peter Jones.
250 _a2nd ed.
260 _aNew York :
_bContinuum,
_c1996.
300 _a262 pages :
_billustrations ;
_c24 cm.
650 _aHospitality industry - operations
_911038
942 _2lcc
_cBK
999 _c288404
_d288404